Statistics for Countries of the World With Exceptions 2

Click here to take the quiz!

General Stats

  • This quiz has been taken 16 times
  • The average score is 123 of 149

Answer Stats

Country% Correct
Barbados
100%
Croatia
100%
Cuba
100%
Dominica
100%
France
100%
Guyana
100%
Montenegro
100%
Portugal
100%
Serbia
100%
Slovakia
100%
Spain
100%
Suriname
100%
United Kingdom
100%
Albania
92%
Andorra
92%
Antigua and Barbuda
92%
Bahamas
92%
Belarus
92%
Bolivia
92%
Bulgaria
92%
Costa Rica
92%
Cyprus
92%
Dominican Republic
92%
Eritrea
92%
Estonia
92%
Finland
92%
Germany
92%
Greece
92%
Guatemala
92%
Guinea
92%
Haiti
92%
Iceland
92%
Ireland
92%
Latvia
92%
Lithuania
92%
Madagascar
92%
Moldova
92%
Netherlands
92%
Nicaragua
92%
Norway
92%
Poland
92%
Romania
92%
Saint Lucia
92%
San Marino
92%
Slovenia
92%
South Korea
92%
Sweden
92%
Turkey
92%
Ukraine
92%
Austria
85%
Belgium
85%
Chile
85%
Comoros
85%
Denmark
85%
El Salvador
85%
Ethiopia
85%
Gambia
85%
Ghana
85%
Grenada
85%
Guinea-Bissau
85%
Honduras
85%
Hungary
85%
Italy
85%
Jamaica
85%
Japan
85%
Kenya
85%
Lesotho
85%
Liechtenstein
85%
Malaysia
85%
Maldives
85%
Marshall Islands
85%
Micronesia
85%
Monaco
85%
Morocco
85%
North Macedonia
85%
Paraguay
85%
Saint Kitts and Nevis
85%
Saint Vincent and the Grenadines
85%
Seychelles
85%
Solomon Islands
85%
Trinidad
85%
Tunisia
85%
Tuvalu
85%
Uganda
85%
Uruguay
85%
Vanuatu
85%
Vatican City
85%
Armenia
77%
Botswana
77%
Cameroon
77%
Cape Verde
77%
Djibouti
77%
Ecuador
77%
Egypt
77%
Equatorial Guinea
77%
Eswatini
77%
Fiji
77%
Gabon
77%
Georgia
77%
Iraq
77%
Israel
77%
Kiribati
77%
Kosovo
77%
Malta
77%
Mauritania
77%
Mauritius
77%
Namibia
77%
Nauru
77%
Nigeria
77%
Oman
77%
Palau
77%
Panama
77%
Papua New Guinea
77%
Philippines
77%
Republic of the Congo
77%
Rwanda
77%
Sao Tome and Principe
77%
Senegal
77%
Somalia
77%
Turkmenistan
77%
Yemen
77%
Bahrain
69%
Benin
69%
Brunei
69%
Burkina Faso
69%
Cambodia
69%
Central African Republic
69%
Ivory Coast
69%
Jordan
69%
Kuwait
69%
Lebanon
69%
Luxembourg
69%
Samoa
69%
Singapore
69%
South Sudan
69%
Sri Lanka
69%
Syria
69%
Tonga
69%
Bangladesh
62%
Burundi
62%
East Timor
62%
Malawi
62%
Qatar
62%
Sierra Leone
62%
Taiwan
62%
Togo
62%
United Arab Emirates
62%
Liberia
54%
Thailand
54%

Score Distribution

Percentile by Number Answered

Percent of People with Each Score

Your Score History

You have not taken this quiz